efficacy of garlic ( allium sativum L.) juice on parasites in chicken digestive system at battambang province ប្រសិទ្ធភាពនៃទឹកខ្ទឹមនៅលើបរាសិទ្ធក្នុងប្រដាប់រំលាយអាហាមាន់ស្រែក្នុងក្រុងបាត់ដំបង ខេត្តបាត់ដំបង (Record no. 18323)
[ view plain ]
| 000 -LEADER | |
|---|---|
| fixed length control field | 00775nam a22001577a 4500 |
| 003 - CONTROL NUMBER IDENTIFIER | |
| control field | LRUA |
| 005 - DATE AND TIME OF LATEST TRANSACTION | |
| control field | 20191024150631.0 |
| 008 - FIXED-LENGTH DATA ELEMENTS--GENERAL INFORMATION | |
| fixed length control field | 191024b xxu||||| |||| 00| 0 eng d |
| 040 ## - CATALOGING SOURCE | |
| Transcribing agency | RUA |
| 082 ## - DEWEY DECIMAL CLASSIFICATION NUMBER | |
| Classification number | AVM BOU 2018 B649 Or.1 |
| 100 ## - MAIN ENTRY--PERSONAL NAME | |
| 9 (RLIN) | 13964 |
| Personal name | BOU CHHEKO ប៊ូ ឆេកូ |
| 245 ## - TITLE STATEMENT | |
| Title | efficacy of garlic ( allium sativum L.) juice on parasites in chicken digestive system at battambang province ប្រសិទ្ធភាពនៃទឹកខ្ទឹមនៅលើបរាសិទ្ធក្នុងប្រដាប់រំលាយអាហាមាន់ស្រែក្នុងក្រុងបាត់ដំបង ខេត្តបាត់ដំបង |
| 260 ## - PUBLICATION, DISTRIBUTION, ETC. (IMPRINT) | |
| Place of publication, distribution, etc. | RUA |
| Name of publisher, distributor, etc. | Phnom penh |
| Date of publication, distribution, etc. | 2018 |
| 300 ## - PHYSICAL DESCRIPTION | |
| Extent | xi;46p |
| Other physical details | ill; |
| Dimensions | 29cm |
| 942 ## - ADDED ENTRY ELEMENTS (KOHA) | |
| Source of classification or shelving scheme | |
| Koha item type | AVM |
| Price effective from | Date last seen | Permanent Location | Not for loan | Date acquired | Source of classification or shelving scheme | Koha item type | Lost status | Withdrawn status | Date last checked out | Total Checkouts | Shelving location | Damaged status | Barcode | Current Location | Full call number |
|---|---|---|---|---|---|---|---|---|---|---|---|---|---|---|---|
| 2019-10-24 | 2019-10-24 | Library Block B | 2019-10-24 | AVM | B649 | A43836 | Library Block B | AVM BOU 2018 B649 Or.1 | |||||||
| 2019-10-24 | 2019-10-24 | Library Block B | 2019-10-24 | AVM | B649 | A42599 | Library Block B | AVM BOU 2018 B649 Or.2 | |||||||
| 2019-10-24 | 2019-10-24 | Library Block B | 2019-10-24 | AVM | B649 | A43517 | Library Block B | AVM BOU 2018 B649 Or.3 | |||||||
| 2019-10-24 | 2019-10-24 | Library Block B | 2019-10-24 | AVM | B649 | A43592 | Library Block B | AVM BOU 2018 B649 Or.4 | |||||||
| 2019-10-24 | 2023-04-21 | Library Block B | 2019-10-24 | AVM | 2023-03-29 | 1 | B649 | A44061 | Library Block B | AVM BOU 2018 B649 Or.5 | |||||
| 2019-10-24 | 2019-10-24 | Library Block B | 2019-10-24 | AVM | B649 | A43986 | Library Block B | AVM BOU 2018 B649 Or.6 |